| 000 | 00612cam a2200217 i 4500 | ||
|---|---|---|---|
| 001 | 2708700 | ||
| 005 | 20180131033320.0 | ||
| 008 | 761104m19779999nyua be 001 0 eng | ||
| 010 | _a 76054527 | ||
| 020 | _a0918228018 | ||
| 040 |
_aDLC _cDLC _dDLC |
||
| 041 | _aeng | ||
| 080 | _a616.8 | ||
| 082 | 0 | 0 | _a616.8 WOL |
| 100 | _a7 | ||
| 101 | _aNEU | ||
| 245 | 0 | 0 |
_aInternational encyclopedia of psychiatry, psychology, psychoanalysis & neurology / _cBenjamin B. Wolman, editor. |
| 504 | _aIncludes bibliographies and indexes. | ||
| 906 |
_a7 _bcbc _corignew _d1 _eocip _f19 _gy-gencatlg |
||
| 942 |
_2ddc _cBK |
||
| 999 |
_c41315 _d41315 |
||